Competitiveness of Slovakia and the Economic Crisis

Ekonomický vývoj a konkurencia na Slovensku pred hospodárskou stagnáciou. Vplyvy svetovej finančnej krízy v Slovenskej republike. Znaky finančnej krízy v slovenskom bankovom sektore. Vplyvy finančnej krízy na verejné financie SR. Anti-krízové opatrenia vlády Slovenskej republiky. Podpora zamestnanos...

Descrizione completa

Salvato in:
Dettagli Bibliografici
Autore principale: Ručinská, Silvia
Altri autori: Urge, Dušan, Ručinský, Rastislav
Natura: Capitolo di libro
Lingua:inglese
Soggetti:
Tags: Aggiungi Tag
Nessun Tag, puoi essere il primo ad aggiungerne!!

MARC

LEADER 00000nla$a2200000$$$4500
001 0120408
005 20240502083311.6
041 0 |a eng 
044 |a CZ 
245 1 0 |a Competitiveness of Slovakia and the Economic Crisis  |c Silvia Ručinská, Dušan Urge, Rastislav Ručinský 
520 |a Ekonomický vývoj a konkurencia na Slovensku pred hospodárskou stagnáciou. Vplyvy svetovej finančnej krízy v Slovenskej republike. Znaky finančnej krízy v slovenskom bankovom sektore. Vplyvy finančnej krízy na verejné financie SR. Anti-krízové opatrenia vlády Slovenskej republiky. Podpora zamestnanosti a zamestnancov ovplyvnených globálnou finančnou a ekonomickou krízou. 
610 2 0 |a konkurencia 
610 2 0 |a konkurencieschopnosť 
610 2 0 |a kríza finančná 
610 2 0 |a kríza hospodárska 
610 2 0 |a rast hospodársky 
610 2 0 |a Slovensko 
100 1 |a Ručinská, Silvia 
700 1 |a Urge, Dušan 
700 1 |a Ručinský, Rastislav